Score 0/25 Timer 03:00
0 Plays Today
Clue 4-Letter Word % Correct
Chess piece that starts on the board's cornerROOK
91.2%
Super Mario ______BROS
87%
Adult tadpoleFROG
87%
School dance for upperclassmenPROM
85.4%
ExpertsPROS
84.9%
Outer layer of a dogwoodBARK
78.4%
Meadow birdLARK
74.8%
Aussie animalsROOS
74.6%
George Strait song, or your reaction to seeing someone after a long hiatus - Part 4 ★ FROM ★
74.4%
Graduate's garbGOWN
70.9%
Sailor's drinkGROG
70.7%
George Strait song, or your reaction to seeing someone after a long hiatus - Part 1 ★ LOOK ★
69.9%
Hired thugGOON
66.5%
Clue 4-Letter Word % Correct
Landlocked Asian countryLAOS
66.1%
Danish drummer UlrichLARS
65.3%
NASDAQ stock symbol for Internet search companyGOOG
63.9%
Romantically courtsWOOS
60.5%
Ghost-like creatures of game in next rungBOOS
53.4%
Lennon's johnsLOOS
52%
George Strait song, or your reaction to seeing someone after a long hiatus - Part 3 ★ BACK ★
51.9%
Greek letters shaped like a PRHOS
51.3%
George Strait song, or your reaction to seeing someone after a long hiatus - Part 2 ★ WHO'S ★
48.3%
Read it and weepBOOK
45.4%
George Strait song, or your reaction to seeing someone after a long hiatus - Part 5 ★ TOWN ★
44.8%
Dark German beerBOCK
40.6%

Today's Daily Dose

Remove Ads.
Support Sporcle.
Get the best of Sporcle when you Go Orange. This ad-free experience offers more features, more stats, and more fun while also helping to support Sporcle. Thank you for becoming a member.

You're not logged in!

Compare scores with friends on all Sporcle quizzes.
OR
Log In

Show Comments

Extras

Top Quizzes Today


Score Distribution

Your Account Isn't Verified!

In order to create a playlist on Sporcle, you need to verify the email address you used during registration. Go to your Sporcle Settings to finish the process.

Report this User

Report this user for behavior that violates our Community Guidelines.

Details: